Culture Générale - Série 2091 - Statistiques

Statistiques générales
  • Ce quiz a été pris 106 fois
  • Le résultat moyen est 7 sur 10
Statistiques - réponses
Question Réponse % Correct
De quel pays Justin Trudeau a-t-il été élu Premier ministre en novembre 2015 ? Canada
93%
Quelle note de musique est également appelée « ut » ? do
92%
Dans quelle capitale européenne peut-on se promener dans le Prater ? Vienne
86%
Quel quartier de Paris est mis à l'honneur dans le Fabuleux Destin d' Amélie Poulain ? Montmartre
85%
Quel pays le Royaume-Uni a-t-il affronté au cours de la guerre des Malouines en 1982 ? Argentine
84%
Quel pays d’Amérique du Sud est frappé par de nombreuses émeutes de la faim en 2016 ? Venezuela
84%
De quel pays Salazar était-il le "moine-dictateur" ? voir photo Portugal
70%
Quelle capitale se trouve au confluent du nil blanc et du nil bleu ? Khartoum
51%
Qui est l’auteur de Moby Dick ? Herman Melville
47%
De quel groupe Jimmy Page était-il le leader ? Led Zeppelin
35%
Aucun quiz correspondant
Distribution des résultats
% des personnes avec chaque résultat
Percentile par nombre de réponses
Votre historique - résultats
Vous n’avez pas pris ce quiz